<?xml version="1.0" encoding="UTF-8"?>
<record
    xmlns:xsi="http://www.w3.org/2001/XMLSchema-instance"
    xsi:schemaLocation="http://www.loc.gov/MARC21/slim http://www.loc.gov/standards/marcxml/schema/MARC21slim.xsd"
    xmlns="http://www.loc.gov/MARC21/slim">

  <leader>02745nam a2200361 i 4500</leader>
  <datafield tag="952" ind1=" " ind2=" ">
    <subfield code="0">0</subfield>
    <subfield code="1">0</subfield>
    <subfield code="2">ddc</subfield>
    <subfield code="4">0</subfield>
    <subfield code="7">0</subfield>
    <subfield code="8">GEN</subfield>
    <subfield code="a">FUSBC</subfield>
    <subfield code="b">FUSBC</subfield>
    <subfield code="d">2020-03-24</subfield>
    <subfield code="e">Colecci&#xF3;n Dawn Christina Harrell</subfield>
    <subfield code="l">1</subfield>
    <subfield code="m">1</subfield>
    <subfield code="o">G 225.92 B351p</subfield>
    <subfield code="p">21328</subfield>
    <subfield code="r">2022-04-28 00:00:00</subfield>
    <subfield code="s">2022-04-20</subfield>
    <subfield code="t">Ej.1</subfield>
    <subfield code="w">2020-03-24</subfield>
    <subfield code="y">BK</subfield>
    <subfield code="k">1</subfield>
    <subfield code="I">INV2023</subfield>
  </datafield>
  <datafield tag="999" ind1=" " ind2=" ">
    <subfield code="c">65503</subfield>
    <subfield code="d">65503</subfield>
  </datafield>
  <controlfield tag="001">768714001</controlfield>
  <controlfield tag="003">CO-MdFUSB</controlfield>
  <controlfield tag="005">20200908155403.0</controlfield>
  <controlfield tag="007">ta</controlfield>
  <controlfield tag="008">200324t2011    -us||||| |||| 00| 0 eng d</controlfield>
  <datafield tag="020" ind1=" " ind2=" ">
    <subfield code="a">9780801045585</subfield>
  </datafield>
  <datafield tag="040" ind1=" " ind2=" ">
    <subfield code="a">CO-MdFUSB</subfield>
    <subfield code="b">spa</subfield>
    <subfield code="c">CO-MdFUSB</subfield>
    <subfield code="d">CO-MdFUSBC</subfield>
    <subfield code="e">rda</subfield>
  </datafield>
  <datafield tag="041" ind1=" " ind2=" ">
    <subfield code="a">eng</subfield>
  </datafield>
  <datafield tag="082" ind1=" " ind2=" ">
    <subfield code="2">23</subfield>
    <subfield code="a">225.92</subfield>
    <subfield code="b">B351</subfield>
  </datafield>
  <datafield tag="100" ind1=" " ind2=" ">
    <subfield code="a">Baur, Ferdinand Christian. </subfield>
    <subfield code="e">autor</subfield>
  </datafield>
  <datafield tag="242" ind1=" " ind2=" ">
    <subfield code="a">Pablo el Apostol de Jesucristo su trabajo, sus Epistolas y ense&#xF1;anzas</subfield>
    <subfield code="l">ingl&#xE8;s</subfield>
  </datafield>
  <datafield tag="245" ind1=" " ind2=" ">
    <subfield code="a">Paul the apostle of Jesus Christ his life and Works </subfield>
    <subfield code="b">: His epistles and teachings.</subfield>
    <subfield code="c">/ Baur, Ferdinand Christian. </subfield>
  </datafield>
  <datafield tag="264" ind1=" " ind2="1">
    <subfield code="a">Estados Unidos :</subfield>
    <subfield code="b">Baker Academic, </subfield>
    <subfield code="c">[2011]</subfield>
  </datafield>
  <datafield tag="264" ind1=" " ind2="4">
    <subfield code="c">&#xA9; 2011</subfield>
  </datafield>
  <datafield tag="300" ind1=" " ind2=" ">
    <subfield code="a">340 p&#xE0;ginas</subfield>
    <subfield code="c">; 22 cm</subfield>
  </datafield>
  <datafield tag="336" ind1=" " ind2=" ">
    <subfield code="2">rdacontent</subfield>
    <subfield code="a">texto</subfield>
    <subfield code="b">txt</subfield>
  </datafield>
  <datafield tag="337" ind1=" " ind2=" ">
    <subfield code="2">rdamedia</subfield>
    <subfield code="a">sin mediaci&#xF3;n</subfield>
    <subfield code="b">n</subfield>
  </datafield>
  <datafield tag="338" ind1=" " ind2=" ">
    <subfield code="2">rdacarrier</subfield>
    <subfield code="a">volumen</subfield>
    <subfield code="b">nc</subfield>
  </datafield>
  <datafield tag="500" ind1=" " ind2=" ">
    <subfield code="a">Colecci&#xF3;n Dawn Christina Harrell</subfield>
  </datafield>
  <datafield tag="500" ind1=" " ind2=" ">
    <subfield code="a">2 Vol&#xFA;menes en 1</subfield>
  </datafield>
  <datafield tag="505" ind1=" " ind2=" ">
    <subfield code="a">Vida y obra del ap&#xF3;stol Pablo, introducci&#xF3;n - La iglesia en Jerusal&#xE9;n antes de la conversi&#xF3;n del ap&#xF3;stol - Esteban, el predecesor del ap&#xF3;stol Pablo - La conversi&#xF3;n del ap&#xF3;stol Pablo - El primer viaje misionero del ap&#xF3;stol - - Las transacciones entre el Ap&#xF3;stol Pablo y los Ap&#xF3;stoles mayores en Jerusal&#xE9;n - El segundo viaje misionero del Ap&#xF3;stol - El Ap&#xF3;stol en Atenas, Corinto, &#xC9;feso - Su viaje a Jerusal&#xE9;n por Mileto - El arresto del Ap&#xF3;stol en Jerusal&#xE9;n - - El Ap&#xF3;stol en Roma - Su encarcelamiento y martirio - Pt. 2: Las Ep&#xED;stolas del Ap&#xF3;stol Pablo, introducci&#xF3;n - La Ep&#xED;stola a los G&#xE1;latas - Las dos Ep&#xED;stolas a los Corintios - La Ep&#xED;stola a los Romanos - Volumen 2: Segunda clase de Ep&#xED;stolas Paulinas - Las Ep&#xED;stolas a los Efesios y Colosenses - La Ep&#xED;stola a los Filipenses - La Ep&#xED;stola a Filem&#xF3;n - Las Ep&#xED;stolas a los Tesalonicenses - Las Ep&#xED;stolas Pastorales - Observaciones generales sobre las Ep&#xED;stolas Paulinas m&#xE1;s peque&#xF1;as - Pt. 3: La doctrina del Ap&#xF3;stol, introducci&#xF3;n - El principio de la conciencia cristiana - La doctrina de la Justificaci&#xF3;n: en su aspecto negativo - La doctrina de la Justificaci&#xF3;n: en su aspecto positivo - Cristo como principio de la sociedad fundada por &#xC9;l - La relaci&#xF3;n del cristianismo con el juda&#xED;smo y el paganismo - El cristianismo como un nuevo principio del desarrollo hist&#xF3;rico del mundo - Fe, amor y esperanza: los tres factores de la conciencia cristiana - Discusi&#xF3;n especial de ciertos puntos menores de doctrina - Sobre ciertos rasgos del car&#xE1;cter del Ap&#xF3;stol.</subfield>
  </datafield>
  <datafield tag="563" ind1=" " ind2=" ">
    <subfield code="a">R&#xFA;stico</subfield>
  </datafield>
  <datafield tag="600" ind1=" " ind2="7">
    <subfield code="a">Pablo,</subfield>
    <subfield code="c">Ap&#xF3;stol </subfield>
    <subfield code="x">Vida social y costumbres</subfield>
  </datafield>
  <datafield tag="650" ind1=" " ind2="0">
    <subfield code="9">360</subfield>
    <subfield code="a">Biblia</subfield>
    <subfield code="b">Evidencias, autoridad, etc.</subfield>
  </datafield>
  <datafield tag="942" ind1=" " ind2=" ">
    <subfield code="c">BK</subfield>
  </datafield>
  <datafield tag="945" ind1=" " ind2=" ">
    <subfield code="a">JTF-925</subfield>
    <subfield code="b">AEM-53</subfield>
  </datafield>
</record>
